Stratégia plánovania nových výrobkov prostredníctvom marketingu

Každý výrobca sa usiluje, aby zaviedol na trh nový výrobok. Z toho vyplýva stratégia plánovania nových výrobkov. Tradičný a moderný prístup marketingu k tomuto problému.

Salvato in:
Dettagli Bibliografici
Autore principale: Tuma, Miroslav
Natura: Capitolo di libro
Lingua:slovacco
Soggetti:
Tags: Aggiungi Tag
Nessun Tag, puoi essere il primo ad aggiungerne!!

MARC

LEADER 00000naa a2200000 4500
001 r020088
005 20221129133910.8
041 0 |a slo 
044 |a CZ 
245 1 0 |a Stratégia plánovania nových výrobkov prostredníctvom marketingu  |c Miroslav Tuma 
520 |a Každý výrobca sa usiluje, aby zaviedol na trh nový výrobok. Z toho vyplýva stratégia plánovania nových výrobkov. Tradičný a moderný prístup marketingu k tomuto problému. 
610 2 0 |a plánovanie strategické 
610 2 0 |a výrobky nové 
610 2 0 |a marketing 
610 2 0 |a prieskum spotrebiteľský 
610 2 0 |a marketing mix 
610 2 0 |a zákazníci 
100 1 |a Tuma, Miroslav